000
00288nam a22001337a 4500
008
170503b xxu||||| |||| 00| 0 eng d
020
_a
9780205315123
041
_a
eng
080
_2
2ND
_a
34
100
_a
14
101
_a
SHJ
245
_a
CORRECTIONS
_c
REICHELL, P.L
942
_2
udc
_c
BK
999
_c
12589
_d
12589